[Event "Alberta-ch"]
[Site "Calgary CAN"]
[Date "2002.02.16"]
[Round "3"]
[White "Haessel, Dale"]
[Black "Hughey, Micah"]
[Result "1-0"]
[WhiteElo "2248"]
[BlackElo "2115"]
[PlyCount "69"]
[EventDate "2002.02.16"]
[EventType "tourn"]
[EventRounds "7"]
[EventCountry "CAN"]
[SourceDate "2003.08.17"]

1. c4 e6 2. g3 d5 3. Bg2 c5 4. cxd5 exd5 5. Nf3 Nf6 6. d4 Nc6 7. O-O Be7 8. Nc3
O-O 9. Bg5 cxd4 10. Nxd4 h6 11. Be3 Bg4 12. Qb3 Qd7 13. Rfd1 Rfd8 14. Qa4 Bh3
15. Bh1 Ng4 16. Nxd5 Nxe3 17. Nxc6 bxc6 18. Nxe3 Qe6 19. Qxc6 Qe5 20. Nc4 Qxe2
21. Re1 Qc2 22. Rac1 Qd3 23. Be4 Qd4 24. Qxa8 Rxa8 25. Bxa8 Bc5 26. Re2 Be6 27.
b3 h5 28. Rd2 Qf6 29. Nd6 Qh6 30. Ne4 Bb6 31. h4 Bg4 32. Bd5 Be3 33. fxe3 Qxe3+
34. Kh2 Bf5 35. Rcc2 1-0

[Event "Alberta-ch"]
[Site "Calgary CAN"]
[Date "2002.02.16"]
[Round "3"]
[White "Reeve, Jeff"]
[Black "Yearwood, Roy"]
[Result "1-0"]
[WhiteElo "2367"]
[BlackElo "2195"]
[PlyCount "39"]
[EventDate "2002.02.16"]
[EventType "tourn"]
[EventRounds "7"]
[EventCountry "CAN"]
[SourceDate "2003.08.17"]

1. e4 d5 2. exd5 Qxd5 3. Nc3 Qd8 4. d4 c6 5. Bc4 Nf6 6. Nf3 Bf5 7. Bg5 h6 8.
Bh4 e6 9. Qe2 Bb4 10. O-O Qa5 11. Bxf6 gxf6 12. d5 Bxc3 13. dxe6 Be5 14. exf7+
Kf8 15. Nh4 Bh7 16. f4 Bd6 17. Qe8+ Kg7 18. Rf3 Na6 19. Rg3+ Bg6 20. f8=Q+ 1-0

[Event "Alberta-ch"]
[Site "Calgary CAN"]
[Date "2002.02.17"]
[Round "4"]
[White "Boehmer, Kris"]
[Black "Reeve, Jeff"]
[Result "1/2-1/2"]
[WhiteElo "2136"]
[BlackElo "2367"]
[PlyCount "62"]
[EventDate "2002.02.16"]
[EventType "tourn"]
[EventRounds "7"]
[EventCountry "CAN"]
[SourceDate "2003.08.17"]

1. c4 e5 2. Nc3 Nc6 3. g3 g6 4. Bg2 Bg7 5. d3 d6 6. e3 Nge7 7. Nge2 O-O 8. O-O
Bg4 9. Rb1 Qd7 10. Re1 Bh3 11. Bh1 h5 12. d4 exd4 13. exd4 Bg4 14. Qa4 Rfe8 15.
Bg5 Qf5 16. Qb5 Bxe2 17. Nxe2 Nxd4 18. Nxd4 Bxd4 19. Qxf5 Nxf5 20. b3 c6 21.
Rbd1 Rxe1+ 22. Rxe1 f6 23. Bf4 Kf7 24. Kf1 Re8 25. Be4 Ng7 26. Bh6 Ne6 27. Bc1
f5 28. Bg2 Rd8 29. Ba3 Bc5 30. b4 Bd4 31. b5 cxb5 1/2-1/2

[Event "Alberta-ch"]
[Site "Calgary CAN"]
[Date "2002.02.17"]
[Round "4"]
[White "Eshleman, Brandon"]
[Black "Huber, Greg"]
[Result "0-1"]
[WhiteElo "1796"]
[BlackElo "2323"]
[PlyCount "82"]
[EventDate "2002.02.16"]
[EventType "tourn"]
[EventRounds "7"]
[EventCountry "CAN"]
[SourceDate "2003.08.17"]

1. e4 c5 2. Nf3 e6 3. c3 Nf6 4. e5 Nd5 5. d4 cxd4 6. cxd4 d6 7. Bc4 Nc6 8. O-O
Be7 9. Re1 O-O 10. Bxd5 exd5 11. Nc3 dxe5 12. Nxe5 Be6 13. Nxc6 bxc6 14. Qc2
Bd6 15. Be3 Qh4 16. h3 Rfe8 17. Qd2 h6 18. Rac1 Bd7 19. Na4 Re6 20. Nc5 Rg6 21.
Nxd7 Qxh3 22. f3 Qxd7 23. Bf4 Rb8 24. Bxd6 Qxd6 25. Rc5 Rg5 26. Rec1 Rb6 27. b3
Rh5 28. Qd3 Qg3 29. R5c2 Qh2+ 30. Kf2 Rg5 31. Rg1 Qg3+ 32. Kf1 Rg6 33. Re2 Rb8
34. Qa6 Qc7 35. Kf2 c5 36. Qd3 c4 37. bxc4 dxc4 38. Qc3 Qg3+ 39. Kf1 Rb1+ 40.
Re1 Rgb6 41. Ke2 Re6+ 0-1

[Event "Alberta-ch"]
[Site "Calgary CAN"]
[Date "2002.02.17"]
[Round "4"]
[White "Hughey, Micah"]
[Black "Gardner, Robert"]
[Result "1-0"]
[WhiteElo "2115"]
[BlackElo "2263"]
[PlyCount "69"]
[EventDate "2002.02.16"]
[EventType "tourn"]
[EventRounds "7"]
[EventCountry "CAN"]
[SourceDate "2003.08.17"]

1. e4 c5 2. Nf3 d6 3. c3 Nf6 4. Bd3 Nc6 5. Bc2 Bg4 6. O-O e5 7. Re1 Be7 8. d3
Qd7 9. Nbd2 O-O-O 10. a3 Rdg8 11. b4 g5 12. Ba4 Qc7 13. bxc5 dxc5 14. Bxc6 bxc6
15. Rb1 Kd8 16. Qb3 Bc8 17. Nc4 Nd7 18. Ne3 g4 19. Nd2 Nf8 20. Nf5 Bxf5 21.
exf5 Bg5 22. Qc4 Bxd2 23. Bxd2 Nd7 24. Qxf7 Rf8 25. Qh5 Nf6 26. Bg5 Kc8 27.
Bxf6 Rxf6 28. Qxg4 Rhf8 29. Qc4 R8f7 30. g4 h5 31. f3 hxg4 32. fxg4 Rg7 33. Re4
Rxf5 34. Qe6+ Qd7 35. Qxd7+ 1-0

[Event "Alberta-ch"]
[Site "Calgary CAN"]
[Date "2002.02.17"]
[Round "4"]
[White "Yearwood, Roy"]
[Black "Haessel, Dale"]
[Result "1-0"]
[WhiteElo "2195"]
[BlackElo "2248"]
[PlyCount "45"]
[EventDate "2002.02.16"]
[EventType "tourn"]
[EventRounds "7"]
[EventCountry "CAN"]
[SourceDate "2003.08.17"]

1. d4 Nf6 2. Nf3 g6 3. Bf4 Bg7 4. e3 d6 5. Bc4 O-O 6. c3 Nbd7 7. Nbd2 h6 8. h3
c6 9. a4 Ne8 10. Qc2 Kh7 11. h4 Kh8 12. h5 e5 13. Bg5 f6 14. Bxh6 Bxh6 15. Qxg6
Bxe3 16. fxe3 d5 17. Bd3 Qe7 18. Qh6+ Kg8 19. Rh3 Qg7 20. Qxg7+ Kxg7 21. Rg3+
Kh6 22. Rg6+ Kxh5 23. g4# 1-0

[Event "Alberta-ch"]
[Site "Calgary CAN"]
[Date "2002.02.17"]
[Round "5"]
[White "Gardner, Robert"]
[Black "Yearwood, Roy"]
[Result "1-0"]
[WhiteElo "2263"]
[BlackElo "2195"]
[PlyCount "45"]
[EventDate "2002.02.16"]
[EventType "tourn"]
[EventRounds "7"]
[EventCountry "CAN"]
[SourceDate "2003.08.17"]

1. e4 c5 2. Nf3 d6 3. d4 cxd4 4. Nxd4 Nf6 5. Nc3 g6 6. Be3 Bg7 7. f3 Nc6 8. Qd2
h5 9. O-O-O Bd7 10. h4 Rc8 11. Nxc6 bxc6 12. f4 Qa5 13. Bd4 O-O 14. Kb1 Rfe8
15. Bd3 e5 16. fxe5 dxe5 17. Be3 Rb8 18. Nd5 Qa3 19. Nxf6+ Bxf6 20. b3 Be6 21.
Qc3 Be7 22. Qxe5 c5 23. Bc1 1-0

[Event "Alberta-ch"]
[Site "Calgary CAN"]
[Date "2002.02.17"]
[Round "5"]
[White "Haessel, Dale"]
[Black "Boehmer, Kris"]
[Result "1-0"]
[WhiteElo "2248"]
[BlackElo "2138"]
[PlyCount "58"]
[EventDate "2002.02.16"]
[EventType "tourn"]
[EventRounds "7"]
[EventCountry "CAN"]
[SourceDate "2003.08.17"]

1. c4 c5 2. g3 Nf6 3. Bg2 d5 4. cxd5 Nxd5 5. Nc3 Nc7 6. Nf3 Nc6 7. O-O e5 8.
Ne1 Bd6 9. Ne4 Be6 10. b3 O-O 11. Ba3 Na6 12. Nd3 Bd5 13. Nf6+ Qxf6 14. Bxd5
Rac8 15. Bb2 Qe7 16. f4 Nab4 17. Nxb4 Nxb4 18. Bg2 e4 19. f5 Be5 20. f6 Bxf6
21. Bxf6 gxf6 22. Rf4 c4 23. Bxe4 Nd5 24. Rg4+ Kh8 25. Qf1 f5 26. Qxf5 Nf6 27.
Rf1 Nxe4 28. Rxe4 Qc5+ 29. Qxc5 Rxc5 1-0

[Event "Alberta-ch"]
[Site "Calgary CAN"]
[Date "2002.02.17"]
[Round "5"]
[White "Huber, Greg"]
[Black "Hughey, Micah"]
[Result "1/2-1/2"]
[WhiteElo "2323"]
[BlackElo "2115"]
[PlyCount "61"]
[EventDate "2002.02.16"]
[EventType "tourn"]
[EventRounds "7"]
[EventCountry "CAN"]
[SourceDate "2003.08.17"]

1. e4 e5 2. Nc3 Bc5 3. g3 Nf6 4. Bg2 c6 5. d3 d5 6. exd5 Nxd5 7. Nf3 O-O 8. O-O
Qc7 9. Re1 Nxc3 10. bxc3 Nd7 11. d4 Bd6 12. Qd3 h6 13. Bb2 f5 14. Nh4 e4 15.
Qc4+ Kh7 16. Bh3 Nb6 17. Qe2 Qf7 18. Ng2 Be6 19. f4 Bxa2 20. Bxf5+ Qxf5 21.
Rxa2 Rfe8 22. Ne3 Qh3 23. Qg2 Qe6 24. Raa1 a6 25. Ba3 Nd5 26. Bxd6 Qxd6 27. Qd2
b5 28. Ra2 a5 29. c4 Nxe3 30. Rxe3 a4 31. c3 1/2-1/2

[Event "Alberta-ch"]
[Site "Calgary CAN"]
[Date "2002.02.17"]
[Round "5"]
[White "Reeve, Jeff"]
[Black "Eshleman, Brandon"]
[Result "1-0"]
[WhiteElo "2367"]
[BlackElo "1796"]
[PlyCount "79"]
[EventDate "2002.02.16"]
[EventType "tourn"]
[EventRounds "7"]
[EventCountry "CAN"]
[SourceDate "2003.08.17"]

1. e4 e5 2. Nf3 Nc6 3. Bb5 a6 4. Bxc6 dxc6 5. O-O Bd6 6. d4 exd4 7. Qxd4 f6 8.
Be3 Ne7 9. Nbd2 O-O 10. Nc4 Be6 11. Nxd6 cxd6 12. c4 d5 13. exd5 cxd5 14. c5
Nc6 15. Qf4 Qa5 16. a3 Rad8 17. Rfe1 Rfe8 18. h4 Bf7 19. Bd4 Bg6 20. Rxe8+ Rxe8
21. Qd6 Nxd4 22. Nxd4 Re1+ 23. Rxe1 Qxe1+ 24. Kh2 Qe5+ 25. Qxe5 fxe5 26. Nf3 e4
27. Nd4 Kf7 28. Kg3 Kf6 29. Kf4 Bf7 30. g4 h6 31. g5+ hxg5+ 32. hxg5+ Kg6 33.
Nf5 Be8 34. Ne7+ Kf7 35. Nxd5 Ke6 36. Nc7+ Ke7 37. Nxe8 Kxe8 38. Kxe4 Kf7 39.
Kf5 g6+ 40. Ke5 1-0

[Event "Alberta-ch"]
[Site "Calgary CAN"]
[Date "2002.02.17"]
[Round "6"]
[White "Boehmer, Kris"]
[Black "Gardner, Robert"]
[Result "0-1"]
[WhiteElo "2136"]
[BlackElo "2263"]
[PlyCount "82"]
[EventDate "2002.02.16"]
[EventType "tourn"]
[EventRounds "7"]
[EventCountry "CAN"]
[SourceDate "2003.08.17"]

1. c4 f5 2. d4 Nf6 3. Nc3 g6 4. g3 Bg7 5. Bg2 d6 6. Nf3 O-O 7. O-O Nc6 8. d5
Ne5 9. Nxe5 dxe5 10. e4 f4 11. c5 g5 12. Qb3 Kh8 13. Bd2 Nh5 14. Ne2 b6 15.
Rac1 g4 16. f3 Ba6 17. fxg4 Bxe2 18. gxh5 Bxf1 19. Rxf1 fxg3 20. Rxf8+ Qxf8 21.
hxg3 Bh6 22. Bb4 Qf7 23. c6 a5 24. Be1 Qxh5 25. Qf3 Qxf3 26. Bxf3 Be3+ 27. Kg2
Kg7 28. Bc3 Kf6 29. a4 Bd4 30. Be2 Bxc3 31. bxc3 Rd8 32. Bg4 Kg5 33. Kf3 Rf8+
34. Bf5 h5 35. Ke3 h4 36. gxh4+ Kxh4 37. Kd3 Kg5 38. Be6 Kf4 39. Bd7 Rb8 40. c4
Rg8 41. c5 bxc5 0-1

[Event "Alberta-ch"]
[Site "Calgary CAN"]
[Date "2002.02.17"]
[Round "6"]
[White "Eshleman, Brandon"]
[Black "Hughey, Micah"]
[Result "1-0"]
[WhiteElo "1796"]
[BlackElo "2115"]
[PlyCount "57"]
[EventDate "2002.02.16"]
[EventType "tourn"]
[EventRounds "7"]
[EventCountry "CAN"]
[SourceDate "2003.08.17"]

1. e4 e5 2. Nf3 Nc6 3. Bc4 Be7 4. d4 exd4 5. c3 Nf6 6. e5 Ne4 7. O-O d5 8. Bb3
Bg4 9. cxd4 Bxf3 10. gxf3 Ng5 11. f4 Ne6 12. Be3 Bb4 13. f5 Nf8 14. Qf3 Ne7 15.
f6 gxf6 16. exf6 Rg8+ 17. Kh1 Neg6 18. Bxd5 Qd6 19. Bxb7 Rb8 20. Qe4+ Kd8 21.
Bc6 Ne6 22. d5 Nc5 23. Bxc5 Bxc5 24. Re1 Ne5 25. Qxe5 Qxe5 26. Rxe5 Bd4 27. Re2
Rxb2 28. Nd2 Rxd2 29. Rb1 1-0

[Event "Alberta-ch"]
[Site "Calgary CAN"]
[Date "2002.02.17"]
[Round "6"]
[White "Reeve, Jeff"]
[Black "Haessel, Dale"]
[Result "0-1"]
[WhiteElo "2367"]
[BlackElo "2248"]
[PlyCount "80"]
[EventDate "2002.02.16"]
[EventType "tourn"]
[EventRounds "7"]
[EventCountry "CAN"]
[SourceDate "2003.08.17"]

1. e4 c5 2. Nf3 d6 3. Bb5+ Nd7 4. d4 Ngf6 5. Nc3 cxd4 6. Qxd4 a6 7. Bxd7+ Bxd7
8. Bg5 h6 9. Bxf6 gxf6 10. Nd5 Rg8 11. Nh4 Rc8 12. O-O Bb5 13. Rfc1 Rc4 14. Qd3
e6 15. b3 Rc5 16. c4 Bd7 17. b4 Rc8 18. Nc3 f5 19. Nf3 Qc7 20. exf5 Qxc4 21.
Qe3 Qg4 22. g3 Qxf5 23. Ne4 Rxc1+ 24. Rxc1 Bc6 25. Ned2 Qd5 26. Qd4 Rg5 27.
Qxd5 Rxd5 28. Nb3 Bg7 29. Na5 Rxa5 30. bxa5 Bxf3 31. Kf1 Kd7 32. Ke1 Bd4 33.
Kd2 e5 34. Ke1 f5 35. Rc2 Bc5 36. Rb2 Bc6 37. Rb3 e4 38. Kf1 d5 39. Ke1 d4 40.
Kd2 d3 0-1

[Event "Alberta-ch"]
[Site "Calgary CAN"]
[Date "2002.02.17"]
[Round "6"]
[White "Yearwood, Roy"]
[Black "Huber, Greg"]
[Result "1-0"]
[WhiteElo "2195"]
[BlackElo "2323"]
[PlyCount "59"]
[EventDate "2002.02.16"]
[EventType "tourn"]
[EventRounds "7"]
[EventCountry "CAN"]
[SourceDate "2003.08.17"]

1. d4 Nf6 2. Nf3 c5 3. c3 b6 4. Bf4 Bb7 5. Nbd2 e6 6. e3 Be7 7. h3 O-O 8. Bd3
Nc6 9. Qc2 Rc8 10. dxc5 bxc5 11. Bg5 h6 12. Bf4 d5 13. g4 Nd7 14. Bb5 d4 15.
Rg1 dxc3 16. bxc3 g5 17. Bh2 a6 18. Be2 Kg7 19. Nc4 f6 20. Rb1 Ba8 21. Nd6 Rb8
22. Rd1 Qa5 23. Nc4 Qd8 24. Bxb8 Ncxb8 25. h4 Qe8 26. Nd6 Bxd6 27. Rxd6 Bd5 28.
h5 Rh8 29. e4 Qe7 30. Rxd7 1-0

[Event "Alberta-ch"]
[Site "Calgary CAN"]
[Date "2002.02.17"]
[Round "7"]
[White "Gardner, Robert"]
[Black "Reeve, Jeff"]
[Result "1-0"]
[WhiteElo "2263"]
[BlackElo "2367"]
[PlyCount "117"]
[EventDate "2002.02.16"]
[EventType "tourn"]
[EventRounds "7"]
[EventCountry "CAN"]
[SourceDate "2003.08.17"]

1. e4 c5 2. c3 Nf6 3. e5 Nd5 4. d4 cxd4 5. Nf3 e6 6. cxd4 b6 7. Bd3 Bb7 8. O-O
d6 9. Ng5 dxe5 10. dxe5 Nc6 11. f4 Ndb4 12. Be4 Bc5+ 13. Kh1 Qxd1 14. Rxd1 h6
15. Nf3 Rd8 16. Nc3 Rxd1+ 17. Nxd1 Nd8 18. Bxb7 Nxb7 19. a3 Nd5 20. b4 Be7 21.
Nd4 Kd7 22. g3 Rc8 23. Kg2 Nd8 24. Kf3 Nc6 25. Ne2 h5 26. Bd2 g6 27. Ke4 Bd8
28. Rc1 b5 29. Be3 Bb6 30. Bxb6 Nxb6 31. Nd4 a6 32. Rxc6 Rxc6 33. Nxc6 Kxc6 34.
Ne3 Nc8 35. g4 hxg4 36. Nxg4 Kd7 37. Kd4 Nb6 38. Nh6 Ke7 39. Kc5 Nd7+ 40. Kc6
g5 41. fxg5 Nxe5+ 42. Kb6 Nc4+ 43. Kxa6 Nxa3 44. Ng4 Kf8 45. h4 Kg7 46. h5 e5
47. h6+ Kh7 48. Kb6 Nc2 49. Kxb5 Nd4+ 50. Ka6 Nf3 51. Nf6+ Kg6 52. Ne4 f5 53.
gxf6 Kxh6 54. b5 Nd4 55. b6 Kg6 56. b7 Nc6 57. Kb6 Nb8 58. Kc7 Na6+ 59. Kc8 1-0

[Event "Alberta-ch"]
[Site "Calgary CAN"]
[Date "2002.02.17"]
[Round "7"]
[White "Haessel, Dale"]
[Black "Eshleman, Brandon"]
[Result "1-0"]
[WhiteElo "2248"]
[BlackElo "1796"]
[PlyCount "67"]
[EventDate "2002.02.16"]
[EventType "tourn"]
[EventRounds "7"]
[EventCountry "CAN"]
[SourceDate "2003.08.17"]

1. c4 Nf6 2. g3 g6 3. Bg2 Bg7 4. Nc3 c6 5. e4 e5 6. Nge2 d6 7. O-O O-O 8. f4
Be6 9. b3 Qb6+ 10. Kh1 Ng4 11. f5 Nf2+ 12. Rxf2 Qxf2 13. fxe6 fxe6 14. Ba3 c5
15. Nb5 Qf7 16. Nxd6 Qc7 17. Nb5 Qc6 18. Qg1 Nd7 19. d3 a6 20. Nbc3 b5 21. Bc1
Nf6 22. Be3 Rac8 23. cxb5 axb5 24. h3 c4 25. dxc4 bxc4 26. b4 Rfd8 27. b5 Qb7
28. a4 Ra8 29. a5 Bf8 30. a6 Qc8 31. Na4 Nd7 32. Nec3 Bb4 33. Bf1 Kg7 34. Be2
1-0

[Event "Alberta-ch"]
[Site "Calgary CAN"]
[Date "2002.02.17"]
[Round "7"]
[White "Huber, Greg"]
[Black "Boehmer, Kris"]
[Result "1-0"]
[WhiteElo "2323"]
[BlackElo "2136"]
[PlyCount "44"]
[EventDate "2002.02.16"]
[EventType "tourn"]
[EventRounds "7"]
[EventCountry "CAN"]
[SourceDate "2003.08.17"]

1. e4 c5 2. Nc3 Nc6 3. Nge2 g6 4. d4 cxd4 5. Nxd4 Bg7 6. Nde2 Nf6 7. g3 d6 8.
Bg2 Bd7 9. h3 Qc8 10. a4 Nb4 11. Be3 O-O 12. Rc1 Rd8 13. b3 d5 14. Nxd5 Nfxd5
15. exd5 Nxd5 16. Bxd5 Bc6 17. c4 e6 18. Bd4 exd5 19. c5 Qf5 20. Qc2 Qf3 21.
O-O Re8 22. Bxg7 d4 1-0

[Event "Alberta-ch"]
[Site "Calgary CAN"]
[Date "2002.02.17"]
[Round "7"]
[White "Hughey, Micah"]
[Black "Yearwood, Roy"]
[Result "1-0"]
[WhiteElo "2115"]
[BlackElo "2195"]
[PlyCount "111"]
[EventDate "2002.02.16"]
[EventType "tourn"]
[EventRounds "7"]
[EventCountry "CAN"]
[SourceDate "2003.08.17"]

1. d4 Nf6 2. Nc3 c5 3. d5 g6 4. e4 d6 5. Nf3 Bg7 6. Be2 O-O 7. O-O Na6 8. Bg5
Nc7 9. a4 a6 10. a5 Rb8 11. Nd2 Nd7 12. Nc4 b5 13. Nxd6 f6 14. Nxc8 fxg5 15.
Na7 Ne5 16. Nc6 Nxc6 17. dxc6 Bd4 18. Qc1 e6 19. Bf3 Qf6 20. Nd1 h5 21. c3 Be5
22. Qe3 b4 23. Qxc5 bxc3 24. bxc3 Qf4 25. g3 Bd6 26. Qd4 Qe5 27. Be2 Nb5 28.
Qxe5 Bxe5 29. Bc4 Nc7 30. Re1 Rfd8 31. Rc1 Rd6 32. Ne3 Rxc6 33. Re2 Rc5 34. Ra2
Kg7 35. Kf1 Bf4 36. gxf4 gxf4 37. Bxa6 Nxa6 38. Nd1 Rbb5 39. Rca1 f3 40. Ra3 g5
41. c4 Rxc4 42. Rxf3 g4 43. Rd3 Rcc5 44. Rd6 Rxa5 45. Rxa6 Rxa1 46. Rxa1 Rc4
47. Ra5 Rxe4 48. Rxh5 Kg6 49. Rc5 Rd4 50. Ne3 Re4 51. Rc4 Rxc4 52. Nxc4 Kg5 53.
Kg2 Kf4 54. Ne3 e5 55. Nf1 e4 56. Ne3 1-0

[Event "Alberta-ch Reserves"]
[Site "Calgary CAN"]
[Date "2002.02.16"]
[Round "1"]
[White "Brown, Grant"]
[Black "Pua, Richard"]
[Result "1-0"]
[WhiteElo "2083"]
[BlackElo "1695"]
[PlyCount "55"]
[EventDate "2002.02.16"]
[EventType "swiss"]
[EventRounds "5"]
[EventCountry "CAN"]
[SourceDate "2003.08.17"]

1. e4 c6 2. d4 d5 3. e5 Bf5 4. Ne2 e6 5. Ng3 Bg6 6. h4 h6 7. h5 Bh7 8. Bd3 Bxd3
9. Qxd3 c5 10. c3 Nc6 11. Be3 Qb6 12. O-O O-O-O 13. Nd2 Be7 14. a3 c4 15. Qc2
Na5 16. Rfc1 Kb8 17. Rab1 Nb3 18. Nxb3 Qxb3 19. Qxb3 cxb3 20. c4 a5 21. cxd5
Bg5 22. d6 Bxe3 23. fxe3 g5 24. Rc3 f5 25. Rbc1 Rh7 26. Rc7 Ne7 27. dxe7 Re8
28. Rc8+ 1-0

[Event "Alberta-ch Reserves"]
[Site "Calgary CAN"]
[Date "2002.02.17"]
[Round "3"]
[White "Brown, Grant"]
[Black "Bentley, Bill"]
[Result "1-0"]
[WhiteElo "2083"]
[BlackElo "1998"]
[PlyCount "77"]
[EventDate "2002.02.16"]
[EventType "swiss"]
[EventRounds "5"]
[EventCountry "CAN"]
[SourceDate "2003.08.17"]

1. e4 e6 2. d3 d5 3. Nd2 Nf6 4. Ngf3 b6 5. g3 Bb7 6. e5 Nfd7 7. Bg2 c5 8. O-O
Nc6 9. Re1 Qc7 10. Qe2 Be7 11. Nf1 h6 12. h4 O-O-O 13. Bf4 Rdg8 14. g4 Bxh4 15.
Nxh4 Nd4 16. Qd1 g5 17. c3 Nc6 18. Bh2 gxh4 19. f4 Rg7 20. Rc1 Ne7 21. f5 Nxf5
22. gxf5 h3 23. Ng3 hxg2 24. f6 Rgg8 25. Nf5 exf5 26. e6 Qc6 27. exd7+ Kd8 28.
Qh5 Rg6 29. Re7 Qxf6 30. Rce1 Qxe7 31. Rxe7 Kxe7 32. Qxf5 Rd8 33. Bg3 Rxd7 34.
Qe5+ Re6 35. Bh4+ f6 36. Bxf6+ Kf7 37. Qf5 Re1+ 38. Kxg2 d4+ 39. Kf2 1-0

[Event "Alberta-ch Reserves"]
[Site "Calgary CAN"]
[Date "2002.02.17"]
[Round "4"]
[White "Stark, Mark"]
[Black "Brown, Grant"]
[Result "1/2-1/2"]
[WhiteElo "1829"]
[BlackElo "2083"]
[PlyCount "90"]
[EventDate "2002.02.16"]
[EventType "swiss"]
[EventRounds "5"]
[EventCountry "CAN"]
[SourceDate "2003.08.17"]

1. d4 Nf6 2. c4 e6 3. Nc3 c5 4. d5 exd5 5. cxd5 d6 6. e4 g6 7. f4 Bg7 8. Bb5+
Nfd7 9. a4 O-O 10. Nf3 Re8 11. Qc2 f5 12. Ng5 a6 13. Ne6 Qb6 14. Nxg7 Kxg7 15.
Be2 Nf6 16. e5 dxe5 17. fxe5 Rxe5 18. Bf4 Re8 19. O-O-O Bd7 20. h4 Ne4 21. Rdf1
Nxc3 22. Qxc3+ Qf6 23. Qxf6+ Kxf6 24. Bd1 b5 25. Re1 bxa4 26. Bg5+ Kf7 27. Bf3
Ra7 28. Bf4 Rb7 29. Rxe8 Bxe8 30. Re1 Rb4 31. Bg5 Rb7 32. h5 Bb5 33. hxg6+ hxg6
34. Rh1 Kg7 35. Bh6+ Kg8 36. Re1 Rh7 37. Bf4 Nd7 38. Re6 Nf8 39. Rf6 Rf7 40.
Rb6 Re7 41. Rb8 Kg7 42. Bd6 Rf7 43. Kd2 Nd7 44. Rb7 g5 45. Bh5 Rf6 1/2-1/2

[Event "Alberta-ch Reserves"]
[Site "Calgary CAN"]
[Date "2002.02.17"]
[Round "5"]
[White "Brown, Grant"]
[Black "Daniluk, Jim"]
[Result "1-0"]
[WhiteElo "2083"]
[BlackElo "2054"]
[PlyCount "71"]
[EventDate "2002.02.16"]
[EventType "swiss"]
[EventRounds "5"]
[EventCountry "CAN"]
[SourceDate "2003.08.17"]

1. d4 Nf6 2. g3 g6 3. Bg2 d5 4. Nf3 Bg7 5. c4 O-O 6. cxd5 Nxd5 7. O-O Nc6 8.
Nc3 Nb6 9. Bf4 a6 10. Rc1 Nxd4 11. Nxd4 Qxd4 12. Qxd4 Bxd4 13. Bxc7 Be6 14.
Bxb7 Ra7 15. Bxb6 Bxb6 16. Bd5 Bh3 17. Rfd1 Rb8 18. Bg2 Bg4 19. h3 Be6 20. b3
Rc7 21. Na4 Rxc1 22. Rxc1 Bd7 23. Nxb6 Rxb6 24. Kf1 Bb5 25. Ke1 Re6 26. e3 Kg7
27. Bd5 Rd6 28. Bc4 Bd7 29. Rd1 a5 30. Rxd6 exd6 31. h4 Kf6 32. a3 Bc6 33. b4
axb4 34. axb4 d5 35. Ba6 Ke5 36. b5 1-0

[Event "Alberta-ch U20"]
[Site "Red Deer CAN"]
[Date "2002.11.02"]
[Round "1"]
[White "Adolph, Joel"]
[Black "Fokkema, Jerred"]
[Result "1-0"]
[WhiteElo "1793"]
[BlackElo "1046"]
[PlyCount "67"]
[EventDate "2002.11.02"]
[EventType "swiss"]
[EventRounds "5"]
[EventCountry "CAN"]

1. d4 d5 2. Nf3 Nf6 3. Bf4 e6 4. e3 Bd6 5. Ne5 Nbd7 6. Bd3 Bxe5 7. dxe5 Ng8 8.
Qg4 g6 9. Nd2 Nc5 10. Rc1 Qd7 11. Nb3 Qc6 12. O-O b6 13. Nd4 Qb7 14. Bb5+ Bd7
15. Bxd7+ Nxd7 16. c4 Nc5 17. cxd5 Qxd5 18. Rfd1 O-O-O 19. Nb5 Qb7 20. Rxd8+
Kxd8 21. Bg5+ Kc8 22. Rd1 Nd7 23. Qd4 Qd5 24. Qxd5 exd5 25. Rxd5 a5 26. Na7+
Kb7 27. Rxd7 Kxa7 28. Rxc7+ Ka6 29. Rxf7 Nh6 30. Bxh6 Rc8 31. g3 Rc1+ 32. Kg2
Rc2 33. e6 Rxb2 34. e7 1-0

[Event "Alberta-ch U20"]
[Site "Red Deer CAN"]
[Date "2002.11.02"]
[Round "1"]
[White "Culjaga, Ivan"]
[Black "Canal, Richard"]
[Result "0-1"]
[WhiteElo "1075"]
[BlackElo "1817"]
[PlyCount "42"]
[EventDate "2002.11.02"]
[EventType "swiss"]
[EventRounds "5"]
[EventCountry "CAN"]

1. e4 c5 2. Nf3 d6 3. Bc4 Nf6 4. Nc3 Nc6 5. d3 g6 6. O-O Bg7 7. Bg5 O-O 8. h3
h6 9. Bh4 g5 10. Bg3 g4 11. hxg4 Bxg4 12. Qd2 Nh5 13. Bf4 Bxf3 14. gxf3 Nd4 15.
Qc1 e5 16. Bxh6 Qh4 17. Re1 Qh3 18. Qe3 Bxh6 19. f4 Nf3+ 20. Qxf3 Qxf3 21. fxe5
Nf4 0-1

[Event "Alberta-ch U20"]
[Site "Red Deer CAN"]
[Date "2002.11.02"]
[Round "1"]
[White "Culjaga, Marko"]
[Black "Kazakevich, Anastasia"]
[Result "0-1"]
[WhiteElo "975"]
[BlackElo "1793"]
[PlyCount "34"]
[EventDate "2002.11.02"]
[EventType "swiss"]
[EventRounds "5"]
[EventCountry "CAN"]

1. e4 c6 2. d4 d5 3. exd5 cxd5 4. Nc3 e6 5. Nf3 Nf6 6. Bf4 a6 7. Bd3 Bd6 8. Qd2
O-O 9. O-O-O b5 10. a3 Nc6 11. Rhe1 b4 12. axb4 Nxb4 13. Ne5 Qa5 14. Qe3 Na2+
15. Nxa2 Qxa2 16. b3 Bb4 17. c3 Ba3# 0-1

[Event "Alberta-ch U20"]
[Site "Red Deer CAN"]
[Date "2002.11.02"]
[Round "1"]
[White "Kazmaier, Daniel"]
[Black "Wang, Amanda"]
[Result "1-0"]
[WhiteElo "1842"]
[BlackElo "1142"]
[PlyCount "78"]
[EventDate "2002.11.02"]
[EventType "swiss"]
[EventRounds "5"]
[EventCountry "CAN"]

1. e4 c6 2. d4 d5 3. e5 e6 4. f4 Ne7 5. Bd3 c5 6. c3 Nec6 7. Nf3 Nd7 8. O-O Be7
9. Be3 O-O 10. Ng5 h6 11. Qh5 f6 12. Nxe6 Qe8 13. Qf5 g6 14. Qxg6+ Qxg6 15.
Bxg6 Rf7 16. Bxf7+ Kxf7 17. Nc7 Rb8 18. Nxd5 cxd4 19. Bxd4 Bc5 20. Bxc5 Nxc5
21. Nxf6 Nd3 22. Nd2 Nxb2 23. Nde4 Na4 24. Nd6+ Ke7 25. Rfd1 Be6 26. f5 Nxc3
27. fxe6 Nxd1 28. Rxd1 Nxe5 29. Nd7 Nxd7 30. exd7 Kxd7 31. Nxb7+ Kc8 32. Na5
Kc7 33. Rd2 Rb1+ 34. Kf2 Kb6 35. Nb3 a5 36. Rd6+ Kb5 37. Rd5+ Kb6 38. Rxa5 Rxb3
39. axb3 Kxa5 1-0

[Event "Alberta-ch U20"]
[Site "Red Deer CAN"]
[Date "2002.11.02"]
[Round "1"]
[White "Pradhan, Faruq"]
[Black "Eshleman, Brandon"]
[Result "0-1"]
[WhiteElo "1182"]
[BlackElo "1923"]
[PlyCount "64"]
[EventDate "2002.11.02"]
[EventType "swiss"]
[EventRounds "5"]
[EventCountry "CAN"]

1. e4 e5 2. Nf3 Nc6 3. Bc4 Bc5 4. O-O d6 5. d3 Bg4 6. h3 Bh5 7. c3 Nf6 8. Re1
O-O 9. Be3 Bb6 10. Bxb6 axb6 11. Nbd2 h6 12. Qe2 Nh7 13. Qe3 Na5 14. Bb3 Nxb3
15. axb3 Qe7 16. Rf1 Bg6 17. Nh2 f5 18. f3 f4 19. Qf2 Nf6 20. Rxa8 Rxa8 21. Re1
Bf7 22. c4 Ra2 23. Rb1 Be6 24. g4 fxg3 25. Qxg3 Nh5 26. Qg2 Nf4 27. Qf1 Bxh3
28. Qf2 Qg5+ 29. Ng4 Bxg4 30. fxg4 Qxg4+ 31. Kf1 Qh3+ 32. Ke1 Nxd3+ 0-1